Vyhodnotenie uplatňovania dohodnutých verejnoprospešných pracovných miest pre dlhodobo nezamestnaných roku 2001
Legislatívny a finančný rámec realizácie dohodnutých verejnoprospešných pracovných miest pre dlhodobo nezamestnaných (DVPPMDN) roku 2001. Financovanie DVPPMDN. Vývoj DVPPMDN. Vplyv DVPPMDN na vývoj nezamestnanosti. Uplatňovanie DVPPMDN podľa zamestnávateľských subkjektov. Dosahovanie stanovených cie...
Salvato in:
| Autore principale: | |
|---|---|
| Altri autori: | |
| Natura: | Capitolo di libro |
| Lingua: | slovacco |
| Soggetti: | |
| Tags: |
Nessun Tag, puoi essere il primo ad aggiungerne!!
|
MARC
| LEADER | 00000naa a2200000 4500 | ||
|---|---|---|---|
| 001 | r046155 | ||
| 005 | 20231002090557.7 | ||
| 041 | 0 | |a slo | |
| 044 | |a SK | ||
| 245 | 1 | 0 | |a Vyhodnotenie uplatňovania dohodnutých verejnoprospešných pracovných miest pre dlhodobo nezamestnaných roku 2001 |c Jaroslava Blašková, Stanislav Buchta |
| 520 | |a Legislatívny a finančný rámec realizácie dohodnutých verejnoprospešných pracovných miest pre dlhodobo nezamestnaných (DVPPMDN) roku 2001. Financovanie DVPPMDN. Vývoj DVPPMDN. Vplyv DVPPMDN na vývoj nezamestnanosti. Uplatňovanie DVPPMDN podľa zamestnávateľských subkjektov. Dosahovanie stanovených cieľov realizácie projektu DVPPMDN. | ||
| 610 | 2 | 0 | |a práce verejnoprospešné |
| 610 | 2 | 0 | |a miesta pracovné |
| 610 | 2 | 0 | |a financovanie |
| 610 | 2 | 0 | |a dotácie štátne |
| 610 | 2 | 0 | |a nezamestnanosť dlhodobá |
| 610 | 2 | 0 | |a politika zamestnanosti |
| 610 | 2 | 0 | |a kraje |
| 610 | 2 | 0 | |a Slovensko |
| 610 | 2 | 0 | |a 2001 |
| 100 | 1 | |a Blašková, Jaroslava | |
| 700 | 1 | |a Buchta, Stanislav | |